| 000 | 00611nam a2200241Ia 4500 | ||
|---|---|---|---|
| 003 | OSt | ||
| 005 | 20220918214630.0 | ||
| 006 | a|||||r|||| 00| 0 | ||
| 007 | ta | ||
| 008 | 220917b |||||||| |||| 00| 0 eng d | ||
| 024 | _a138,423 | ||
| 037 | _cTextual | ||
| 040 |
_aARTS _cARTS _beng |
||
| 041 |
_2eng _aeng |
||
| 082 | _aY, M8 | ||
| 100 | _aBanerjee P | ||
| 245 | 0 | _aMan society and nature | |
| 260 |
_aShimla _bIndian Inst of Advanced study _c1988 |
||
| 650 | _aSOCIOLOGY | ||
| 700 |
_a Gupta S K _92850 |
||
| 942 |
_hY, M8 _cTEXL _2CC |
||
| 999 |
_c261474 _d261474 |
||